Szczegóły MARC21

Coaching : zestaw narzędzi /

003 -Nazwa inst., której nr kontr. jest w polu 001 [,]
    • @
    • Nazwa instytucji, której n kontrolny jest w polu 001
    • NUKAT
005 -DATA I CZAS OSTATNIEJ MODYFIKACJI [,]
    • @
    • pole kontrolne
    • 20250717014613.0
020 -Międzynarod. znormalizowany nr książki - ISBN [ , ]
    • a
    • Numer ISBN
    • 9788328343351 ; Find
    • q
    • Dopowiedzenie
    • (oprawa miękka)
040 -Instytucja sporządzająca opis [ , ]
    • a
    • Instytucja, która sporządziła opis (NP)
    • WR U/ewg
    • b
    • Język katalogowania
    • pol
    • e
    • Zasady katalogowania
    • rda
    • c
    • Instytucja, która sporządziła rekord (NP)
    • WR U/ewgs
    • d
    • Instytucja, która zmodyfikowała rekord (P)
    • WR U/hb
    • d
    • Instytucja, która zmodyfikowała rekord (P)
    • WA 14/PTs
942 -Rodzaj dokumentu [ , ]
    • c
    • Rodzaj dokumentu
    • Książka
100 -Hasło główne - nazwa osobowa [1, ]
    • a
    • Nazwa osobowa (NP)
    • Bennewicz, Maciej
    • d
    • Daty biograficzne (NP)
    • (1961- ).
    • e
    • Rodzaj współpracy
    • Autor
    • 9
    • KHW
    • 20544
245 -Strefa tytułu i oznaczenia odpowiedzialności [1,0]
    • a
    • Tytuł
    • Coaching : Find
    • b
    • Ciąg dalszy tytułu (NP)
    • zestaw narzędzi / Find
    • c
    • Pozostałe elementy strefy tytułu i oznaczenia odpowiedzialności (NP)
    • Maciej Bennewicz, Anna Prelewicz.
260 -Strefa adresu wydawniczego [ , ]
    • a
    • Miejsce wydania (P)
    • Gliwice :
    • b
    • Nazwa wydawcy (P)
    • Wydawnictwo Helion,
    • c
    • Data wydania (P)
    • copyright © 2018.
300 -Strefa opisu fizycznego [ , ]
    • a
    • Określenie formy książki i/lub objętość (NP)
    • 219 stron :
    • b
    • Oznaczenie ilustracji (NP)
    • ilustracje ;
    • c
    • Format (NP)
    • 21 cm.
336 -Typ zawartości [ , ]
    • a
    • Termin opisujący typ zawartości
    • Tekst
    • b
    • Kod określający zawartość
    • txt
    • 2
    • Źródło (terminu i kodu)
    • rdacontent
337 -Typ mediów [ , ]
    • a
    • Tryb odtwarzania
    • Bez urządzenia pośredniczącego
    • b
    • Kod typu mediów
    • n
    • 2
    • Źródło (terminu i kodu)
    • rdamedia
338 -Typ/rodzaj nośnika [ , ]
    • a
    • Hasło opisujące typ nośnika
    • Wolumin
    • b
    • Kod typu nośnika
    • nc
    • 2
    • Źródło (terminu i kodu)
    • rdacarrier
380 -Deskryptor - Forma dzieła (P) [ , ]
    • a
    • forma dzieła (NP)
    • Książki
380 -Deskryptor - Forma dzieła (P) [ , ]
    • a
    • forma dzieła (NP)
    • Publikacje fachowe
385 -Deskryptor - grupa odbiorców (P) [ , ]
    • a
    • termin określający odbiorcę (P)
    • Menedżerowie i menedżerki
388 -Deskryptor - czas powstania dzieła (P) [1, ]
    • a
    • Czas powstania dzieła (NP)
    • 2001-
490 -Strefa serii i książki wielotomowej - forma nie do wyszukiwania [1, ]
    • a
    • Tytuł (P)
    • Onepress Find
830 -Hasło dodatkowe serii i opisu książki wielotomowej - tytuł ujednolicony/tytuł [ ,0]
    • a
    • Tytuł ujednolicony/tytuł (NP)
    • Sensus
    • 9
    • KHW
    • 54134
530 -Uwaga dot. innej postaci fizycznej dokumentu [ , ]
    • a
    • Uwaga dot. innej postaci fizycznej dokumentu
    • Dostępne również jako e-book.
650 -Hasło przedmiotowe [ ,7]
    • a
    • Hasło przedmiotowe
    • Coaching (psychologia)
    • v
    • Określnik formalny
    • poradniki.
    • 2
    • Źródło terminu
    • kaba
    • 9
    • KHW
    • 369892
650 -Hasło przedmiotowe [ ,7]
    • a
    • Hasło przedmiotowe
    • Coaching (psychologia)
    • v
    • Określnik formalny
    • zadania i ćwiczenia.
    • 2
    • Źródło terminu
    • kaba
    • 9
    • KHW
    • 467898
650 -Hasło przedmiotowe [ ,7]
    • a
    • Hasło przedmiotowe
    • Coaching
    • 2
    • Źródło terminu
    • DBN
    • 9
    • KHW
    • 729397
655 -Hasło w funkcji tematu formalnego [ ,7]
    • a
    • Hasło
    • Poradnik
    • 2
    • Źródło terminu
    • DBN
    • 9
    • KHW
    • 721725
655 -Hasło w funkcji tematu formalnego [ ,7]
    • a
    • Hasło
    • Praca zbiorowa
    • 2
    • Źródło terminu
    • DBN
    • 9
    • KHW
    • 721444
658 -Ujęcie treści [ , ]
    • a
    • dziedzina nauki i sztuki/ sfera aktywności życiowej
    • Zarządzanie i marketing
700 -Hasło dodatkowe - nazwa osobowa [1, ]
    • a
    • Nazwa osobowa (NP)
    • Jera, Anna. Find
    • e
    • Określenie rodzaju współpracy
    • Autor
    • 9
    • KHW
    • 469031
710 -Hasło dodatkowe - nazwa ciała zbiorowego [2, ]
    • a
    • Nazwa ciała zbiorowego lub nazwa geograficzna jako pierwszy element (NP)
    • Grupa Wydawnicza Helion.
    • e
    • Rodzaj współpracy
    • Wydawca
    • 4
    • Kod relacji
    • pbl
    • 9
    • KHW
    • 51611
856 -Dostęp do wersji elektronicznej [4,8]
    • 3
    • Wyszczególnienie materiału
    • Okładka
856 -Dostęp do wersji elektronicznej [4,1]
    • 3
    • Wyszczególnienie materiału
    • Spis treści
920 -ISBN [ , ]
    • a
    • ISBN
    • 978-83-283-4335-1 ; (oprawa miękka) Find
Numer inwentarzowy Status udost. Data inwentaryzacji Lokalizacja Sygnatura
E.78562-22018-10-25BE 
WM.22792-32018-12-10BG 
WM.22793-32018-12-10BG 
T.20476-22018-10-16TT.20476